000 01500nam a2200253 a 4500
001 80614
003 BD-RjUL
005 20221025105118.0
008 221025s2009 bg ||||| m||| 00| 0 ben d
035 _a(BD-RjUL)80614
040 _aBD-RjUL
_bben / eng
_cBD-RjUL
_dBD-RjUL
041 _aben
082 _a372.954924
_bKHR 2009
_223
100 _aখাতুন, মোসাঃ মাহবুবা
_95464
245 0 1 _aরাজশাহী জেলার ব্র্যাক পরিচালিত শিক্ষা ব্যবস্হার একটি সমীক্ষা /
_cমোসাঃ মাহবুবা, খাতুন ;
_6গবেষণা তত্ত্বাবধায়ক : মাহমুদা খাতুন
260 _aরাজশাহী :
_bইতিহাস বিভাগ, রাজশাহী বিশ্ববিদ্যালয়,
_c২০০৯
300 _ax, ২০৩ পাতা ;
_c২৯ সেমি.
502 _aথিসিস (এম. ফিল.) -- ইতিহাস বিভাগ, রাজশাহী বিশ্ববিদ্যালয়, ২০০৯
504 _aগ্রন্থপঞ্জী : পাতা [১৯৮]-২০১
650 _aশিক্ষা
_zরাজশাহী জেলার
_95465
650 _aEducation
_zRajshahi District
_95466
700 _aখাতুন, মাহমুদা, গবেষণা তত্ত্বাবধায়ক
_95467
942 _2ddc
_cTHE
999 _c80614
_d80614